00530nam a2200181 a 45000010005000000030005000050050017000100080041000270200015000680400020000831000018001032450089001212600031002103000011002414900042002526500028002946500026003222347CDMR20131129133635.0130130s1987||||||||||||||||||||||||||||d a9509113344 aCDMRbcatcCDMR1 aVeron, Eliseo13aLa semiosis socialb: fragmentos de una teoría de la discursividadcEliseo Verón aBuenos Airesc1987bGedisa a235 p.0 aEl Mamífero Parlante. aSerie MAyor04aLlenguatge i llengües04aAnàlisi del discurs